| 000 | 00760nam a22001937a 4500 | ||
|---|---|---|---|
| 999 |
_c11125 _d11125 |
||
| 003 | AR-CdUCM | ||
| 008 | 190402b ||||| |||| 00| 0 spa d | ||
| 040 |
_aMUNICIPALIDAD PROVINCIAL DEL CUSCO _cBIBLIOTECA MUNICIPAL DEL CUSCO |
||
| 082 |
_a375.45 / _bB191 / 1940 |
||
| 100 |
_aBallesteros, Antonio _928305 |
||
| 245 | _aCómo se organiza la cooperación en la escuela primaria / | ||
| 260 |
_aMéxico, D.F : _bPedagogicos y Escolares _c1940. |
||
| 300 |
_a152 páginas ; _c19 cm. |
||
| 505 | _aContenido: Fundamentos pedagógicos de la cooperación -- Las cooperativas escolares -- La cooperativa entre la escuela y la familia ... | ||
| 650 |
_aEducación primaria _91561 |
||
| 650 |
_aCooperativas escolares _928306 |
||
| 942 |
_2ddc _cLIBROS |
||
| 945 | _acmm | ||